| 000 | 00468nam a2200157Ia 4500 | ||
|---|---|---|---|
| 008 | 210716s2008 xx 000 0 und d | ||
| 020 | _a978-0-07-353006-2 | ||
| 041 | _aeng | ||
| 082 | _a658.4 MCSS | ||
| 100 | _aMcshane, Steven L;Glinow, Mary Ann Von. | ||
| 245 |
_aOrganizational behavior: essentials. _bEssentials. |
||
| 250 | _a1 | ||
| 260 |
_aNew Delhi _bTata McGraw Hill Publishing Company Ltd _c2008 |
||
| 300 | _axxi,363 | ||
| 650 | _aOrganisational Behavior | ||
| 999 |
_c203346 _d203346 |
||